000 01253cam a2200313 4500
008 040212n2003 000 0 eng u
020 _a0415288436
035 _a(Sirsi) u125131
041 _aeng
050 _a363.5094091734
_c21
050 _a306.9
_c18
245 _aHousing in the european countryside: rural pressure and policy in Western Europe
260 _aLondon
_bRoutledge
_c2003
300 _axii, 269p.
_c24cm.
350 _a22.50
490 _aRoutledge Housing, Planning and Design Series
520 _aProvides a overview of the housing pressures and policy challenges facing Europe, while highlighting criticial differences. Draws on contemporary research work of leading authors in the fileds of housing studies, rural geography and planning and offers an introductions to housing issues across the European countryside. Contains chapters on Norway, Sweden, The Netherlands, France, Italy, Spain,Ireland, England, Scotland and Wales.
650 _aEUROPE
650 _aRURAL HOUSING
650 _aHOUSING
650 _aPLANNING
650 _aHOUSING POLICY
650 _aHOUSING ISSUES
690 _aHOUSING
700 _aGallent, N.
700 _aShucksmith, M.
700 _aTewdwr-Jones, M.
942 _n0
999 _c103351
_d103351